Central Library OPAC University of Rajshahi

বঙ্গানুবাদ খোৎবাতুল আহকাম / (Record no. 78426)

MARC details
000 -LEADER
fixed length control field 01101nam a2200241 a 4500
001 - CONTROL NUMBER
control field 78426
003 - CONTROL NUMBER IDENTIFIER
rucl marc code BD-RjUL
005 - DATE AND TIME OF LATEST TRANSACTION
control field 20211209083128.0
008 - FIXED-LENGTH DATA ELEMENTS--GENERAL INFORMATION
fixed length control field 210920s1965 bg ||||| |||| 00| 0 ben d
035 ## - SYSTEM CONTROL NUMBER
System control number (BD-RjUL)78652
040 ## - CATALOGING SOURCE
Original cataloging agency BD-RjUL
Language of cataloging eng
Transcribing agency BD-RjUL
041 ## - LANGUAGE CODE
Language code of text/sound track or separate title ben
082 ## - DEWEY DECIMAL CLASSIFICATION NUMBER
Edition number 23
Classification number 297
Author mark and year TAB 1965
100 ## - MAIN ENTRY--PERSONAL NAME
Personal name থানভী , আশরাফ আলী
9 (RLIN) 248224
245 10 - TITLE STATEMENT
Title বঙ্গানুবাদ খোৎবাতুল আহকাম /
Statement of responsibility, etc. মূল হাকীমুল উম্মত মাওলানা আশরাফ আলী থানভী ; অনুবাদ মোহাম্মদ ইউনুস, মোমতাযুল মোহাদ্দেসীন
260 ## - PUBLICATION, DISTRIBUTION, ETC. (IMPRINT)
Place of publication, distribution, etc. ঢাকা :
Name of publisher, distributor, etc. এমদাদিয়া লাইব্রেরী,
Date of publication, distribution, etc. ১৯৬৫
300 ## - PHYSICAL DESCRIPTION
Pagination ২২৮ পৃ.;
Size ২৪ সেমি.
650 ## - SUBJECT ADDED ENTRY--TOPICAL TERM
Topical term or geographic name as entry element ইসলাম
9 (RLIN) 248225
Topical term or geographic name as entry element Islam
9 (RLIN) 248226
700 ## - ADDED ENTRY--PERSONAL NAME
Personal name ইউনুস, মোহাম্মদ
Personal name মোহাদ্দেসীন, মোমতাযুল
942 ## - ADDED ENTRY ELEMENTS (KOHA)
Source of classification or shelving scheme Dewey Decimal Classification
Koha item type Books
Holdings
Lost status Source of classification or shelving scheme Damaged status Not for loan Collection code Permanent Location Current Location Shelving location Date acquired Source of acquisition Cost, normal purchase price Total Checkouts Full call number Date last seen Copy number Koha item type
  Dewey Decimal Classification   Not For Loan Non-fiction Central Library, University of Rajshahi Central Library, University of Rajshahi Reading Room 31/05/1967 Faroog Library 4.50   B 297 TAB 1965 20/09/2021 C-1 Books